Nigeria's economic relations with the major developed market-economy countries 1960-1985 / (Record no. 928)
[ view plain ]
| 000 -LEADER | |
|---|---|
| fixed length control field | 00489nam a2200145 a 4500 |
| 020 ## - INTERNATIONAL STANDARD BOOK NUMBER | |
| ISBN | 9781261382 |
| 020 ## - INTERNATIONAL STANDARD BOOK NUMBER | |
| ISBN | 9781261374 (pbk.) |
| 082 00 - DEWEY DECIMAL CLASSIFICATION NUMBER | |
| Classification number | 337.669 |
| 245 00 - TITLE STATEMENT | |
| Title | Nigeria's economic relations with the major developed market-economy countries 1960-1985 / |
| 260 ## - PUBLICATION, DISTRIBUTION, ETC. (IMPRINT) | |
| Place of publication | Lagos : |
| Name of publisher | Published by the Nigerian Institute of International Affairs in co-operation with Nelson Publishers, |
| Year of publication | 1988. |
| 300 ## - PHYSICAL DESCRIPTION | |
| Number of Pages | xvi, 294 p. ; |
| 700 1# - ADDED ENTRY--PERSONAL NAME | |
| Personal name | Akindele, R. A., |
| 700 1# - ADDED ENTRY--PERSONAL NAME | |
| Personal name | Ate, Bassey E. |
| 942 ## - ADDED ENTRY ELEMENTS (KOHA) | |
| Koha item type | Books |
| Withdrawn status | Lost status | Collection code | Permanent Location | Current Location | Shelving location | Date acquired | Source of acquisition | Full call number | Accession Number | Koha item type |
|---|---|---|---|---|---|---|---|---|---|---|
| Non-fiction | CONFERENCE HALL-LIBRARY | CONFERENCE HALL-LIBRARY | General Stacks | 2017-02-17 | Purchase | 337.669 | 1995 | Books |
